Anar al contingut

Epomen. Global, 2020, № 7 научный журнал

Guardat en:
Dades bibliogràfiques
Format: Журнал
Accés en línia:https://znanium.com/catalog/document?id=398869
https://znanium.com/cover/1872/1872471.jpg
Etiquetes: Afegir etiqueta
Sense etiquetes, Sigues el primer a etiquetar aquest registre!
LEADER 01135nam0a2200277 i 4500
001 RU\infra-m\znanium\bibl\1872471
003 https://znanium.com/catalog/document?id=398869
005 20250731000000.0
100 |a 20250731d2022 m y0rusy0150 ca 
101 0 |a rus 
102 |a RU 
200 1 |a Epomen. Global, 2020, № 7  |e научный журнал  |e Журнал 
210 1 |a Краснодар  |c ООО «Эпомен»  |d 2020 
215 |a 66 с. 
333 |a ВО - Магистратура 
606 |a Право. Юридические науки  |x Право. Общие вопросы  |2 local 
608 |a Журнал  |2 local 
675 |a 33  |z rus 
675 |a 34  |z rus 
675 |a 63  |z rus 
686 |a 4  |2 rubbk 
686 |a 65  |2 rubbk 
686 |a 67  |2 rubbk 
801 0 |a RU  |b Общество с ограниченной ответственностью «ЗНАНИУМ»  |c 20220329  |2 rusmarc 
856 4 |a znanium.com  |m ebs_support@infra-m.ru  |n НИЦ ИНФРА-М  |u https://znanium.com/catalog/document?id=398869 
856 4 1 |a znanium.com  |d /cover/1872  |f 1872471.jpg  |q image/jpeg  |u https://znanium.com/cover/1872/1872471.jpg